Collingwood Team Roster - Statistics

General Stats
  • This quiz has been taken 76 times
    38 since last reset
  • The average score is 29 of 44
Answer Stats
Hint Answer % Correct
2 Jordan De Goey
100%
7 Josh Daicos
93%
35 Nick Daicos
93%
4 Brayden Maynard
87%
30 Darcy Moore
87%
10 Scott Pendlebury
87%
23 Bobby Hill
80%
11 Daniel McStay
80%
3 Isaac Quaynor
80%
22 Steele Sidebottom
80%
9 Dan Houston
73%
14 Darcy Cameron
73%
12 Harry Perryman
73%
38 Jeremy Howe
73%
8 Lachie Shultz
73%
21 Oscar Steene
73%
41 Angus Anderson
67%
31 Beau McCreery
67%
17 Billy Frampton
67%
25 Jack Crisp
67%
5 Jamie Elliott
67%
33 Lachie Sullivan
67%
44 Ned Long
67%
45 Roan Steele
67%
39 William Hayes
67%
16 Edward Allan
60%
24 Jakob Ryan
60%
1 Patrick Lapinski
60%
19 Tew Jiath
60%
28 Tim Membrey
60%
18 Tyan Prindable
60%
15 Will Parker
60%
29 Charlie West
53%
13 Harry DeMattia
53%
20 Iliro Smit
53%
6 Tom Mitchell
53%
37 Zac Mccarthy
47%
40 Ash Johnson
40%
36 Harvey Harrison
40%
34 Jack Buller
40%
43 Jai Saxena
40%
26 Reef McInnes
40%
27 Joel Cochran
33%
32 Sam Swadling
33%
No matching quizzes found
Score Distribution
Percent of People with Each Score
Percentile by Number Answered
Your Score History
You have not taken this quiz since the last reset